000 00627nam a2200193Ia 4500
003 GCL
008 140319s9999 xx 000 0 ara d
040 _aGCL /
_cGCL
082 0 4 _a301
_bا ع
100 1 _aابراهيم خليفة
245 1 0 _aعلم الاجتماع والمدينة /
_cابراهيم خليفة
260 _aالقاهرة :
_bالمكتب الجامعى الحديث ،
_c1983
300 _a157 ص
490 _aسلسلة قضايا سوبولوجية
_v0
650 0 4 _aالاجتماع الحضرى، علم
650 0 4 _aالمدينة
650 0 4 _aعلم الاجتماع
942 _2ddc
_cBK
999 _c46281
_d46281